Újabb régikönyv katalógusok Erdélyből

Elmentve itt :
Bibliográfiai részletek
Szerző: Monok István
Dokumentumtípus: Cikk
Megjelent: Magyar Tudományos Akadémia 2016
Sorozat:MAGYAR KÖNYVSZEMLE 132 No. 4
doi:10.17167/MKSZ.2016.4.490

mtmt:3180815
Online Access:http://publicatio.bibl.u-szeged.hu/10703
LEADER 00679nab a2200193 i 4500
001 publ10703
005 20190626144123.0
008 170223s2016 hu o 0|| zxx d
022 |a 0025-0171 
024 7 |a 10.17167/MKSZ.2016.4.490  |2 doi 
024 7 |a 3180815  |2 mtmt 
040 |a SZTE Publicatio Repozitórium  |b hun 
041 |a zxx 
100 1 |a Monok István 
245 1 0 |a Újabb régikönyv katalógusok Erdélyből  |h [elektronikus dokumentum] /  |c  Monok István 
260 |a Magyar Tudományos Akadémia  |c 2016 
300 |a 490-492 
490 0 |a MAGYAR KÖNYVSZEMLE  |v 132 No. 4 
856 4 0 |u http://publicatio.bibl.u-szeged.hu/10703/1/Monok_ujabb_katalogusok_MKsz_2016.pdf  |z Dokumentum-elérés